Plus grand et plus petit pays du Monde de A à Z - Statistiques

Statistiques générales
  • Ce quiz a été pris 320 fois
  • Le résultat moyen est 26 sur 48
Statistiques - réponses
Réponse % Correct
Canada
90%
Russie
85%
Brésil
82%
Danemark
82%
France
82%
Australie
80%
Etats-Unis
78%
Yémen
76%
Zambie
75%
Inde
74%
Kazakhstan
74%
Qatar
72%
Vatican
71%
Venezuela
71%
Japon
70%
Zimbabwe
68%
Qatar
63%
Yémen
63%
Fidji
56%
Mexique
56%
Ouzbékistan
56%
Uruguay
56%
Monaco
55%
Honduras
54%
Ukraine
52%
Antigua-et-Barbuda
49%
Liechtenstein
49%
Oman
48%
Saint-Marin
47%
Tuvalu
46%
Jamaïque
44%
Kiribati
44%
Nauru
42%
Barbade
41%
Haïti
41%
Pérou
41%
Gabon
40%
Niger
38%
Rwanda
38%
Dominique
36%
Eswatini
35%
Palaos
35%
Libye
34%
Soudan
32%
Comores
31%
Grenade
31%
Tchad
31%
Israël
28%
Aucun quiz correspondant
Distribution des résultats
% des personnes avec chaque résultat
Percentile par nombre de réponses
Votre historique - résultats
Vous n’avez pas pris ce quiz